| 000 | 00485nam a2200181Ia 4500 | ||
|---|---|---|---|
| 005 | 20250508161909.0 | ||
| 008 | 008 250505s9999 xx 000 0 eng d | ||
| 037 | _aTextual | ||
| 040 |
_aFEDL _beng _cFEDL |
||
| 041 |
_aeng _2eng |
||
| 084 |
_aF, AND _qFEDL |
||
| 100 | _aAnderson M G | ||
| 245 | 0 | _aIndian fables and legends Book II | |
| 260 |
_aBombay, India _bLongmans, Green & Co. _c1947 |
||
| 300 | _a61p. | ||
| 942 |
_cTEXL _hF, AND |
||
| 999 |
_c1373048 _d1373048 |
||